00429 2200157 4500001002100000005001500021035002000036245008200056100001900138300001200157260004600169082000800215084001400223020002200237990001200259INLIS00000000000259420250605021409 a0010-06250001801 aSuper Modul KSN Ekonomi 3 :bKeuangan, Bisnis, Akuntansi /cM. Agung Lazuardi0 aAgung Lazuardi a205 hlm aJakarta :bPT. Jakarta Sains Media,c2022 a330 a330 AGU s a978-623-6111-41-3 a0754870